|
|
|
|
| LEADER |
00000nam0a2200000 4500 |
| 001 |
324096 |
| 005 |
20231102003632.0 |
| 035 |
|
|
|a (RuTPU)RU\TPU\book\349685
|
| 090 |
|
|
|a 324096
|
| 100 |
|
|
|a 20161107d1951 m y0rusy50 ca
|
| 101 |
0 |
|
|a rus
|
| 102 |
|
|
|a RU
|
| 105 |
|
|
|a a j 000zy
|
| 200 |
1 |
|
|a Новые достижения советской науки и техники (о работах лауреатов Сталинских премий за 1950 год)
|e стенограммв публичной лекции, прочитанной в Центральном лектории Общества в Москве
|f В. П. Елютин
|g Всесоюзное общество по распространению политических и научных знаний
|
| 210 |
|
|
|a Москва
|c [Б. и.]
|d 1951
|
| 215 |
|
|
|a 24 с.
|
| 606 |
1 |
|
|a Наука
|y В СССР
|2 stltpush
|3 (RuTPU)RU\TPU\subj\45072
|9 64334
|
| 606 |
1 |
|
|a Техника
|2 stltpush
|3 (RuTPU)RU\TPU\subj\60019
|9 77509
|
| 610 |
1 |
|
|a научные исследования
|
| 610 |
1 |
|
|a технические исследования
|
| 610 |
1 |
|
|a достижения
|
| 610 |
1 |
|
|a советские ученые
|
| 610 |
1 |
|
|a Сталинская премия
|
| 610 |
1 |
|
|a лауреаты
|
| 610 |
1 |
|
|a автоматизация
|
| 610 |
1 |
|
|a машиностроение
|
| 610 |
1 |
|
|a металлургия
|
| 610 |
1 |
|
|a угольная промышленность
|
| 610 |
1 |
|
|a новаторы
|
| 610 |
1 |
|
|a приборостроение
|
| 610 |
1 |
|
|a строительство
|
| 610 |
1 |
|
|a лекции
|
| 675 |
|
|
|a 62
|v 4
|
| 686 |
|
|
|a Ч21(2)
|v LBC/SL-A
|2 rubbk
|
| 700 |
|
1 |
|a Елютин
|b В. П.
|
| 712 |
0 |
2 |
|a Всесоюзное общество по распространению политических и научных знаний
|c (1947-1963)
|c (Москва)
|2 stltpush
|3 (RuTPU)RU\TPU\col\144
|9 23224
|
| 801 |
|
1 |
|a RU
|b 63413507
|c 20161107
|
| 801 |
|
2 |
|a RU
|b 63413507
|c 20200227
|g RCR
|
| 942 |
|
|
|c BK
|